LEADER 00705nam a2200181 i 4500 001 000000200008 003 CaOOAMICUS 005 20110331000000.0 008 110331s1952 it u000 u ita u 013 $a178706 040 $aSeMil$bita 245 13$aIl contributo dei Falck :$b1833-1913. 300 $aXXI, 274 p., [6] p. di tav. 700 1 $aFrumento, Armando.$0(OLS)http://semarc/name/10915 773 0 $aFrumento, Armando$tImprese lombarde nella storia della siderurgia italiana.$dMilano : [s.n.], 1952.$w()32553 850 $aSeMil 852 $aSeMil$W1$xVenegono$y1$m3XE IV 2$j242234$B150542$CSeMilBibl$Z2$F161887 $81 996 $6245$aIl contributo dei Falck :$b1833-1913$9(OLS)http://semarc/title/289196 LEADER 01048nam a2200229 i 4500 001 000000203828 003 CaOOAMICUS 005 20110707000000.0 008 110707s1973 it u000 u ita u 013 $a182543 040 $aSeMil$bita 100 1 $aBrahmer, Mieczyslaw.$0(OLS)http://semarc/name/71947 245 10$aStanislaw Wyspianski e il teatro polacco del Primo Novecento /$cMieczyslaw Brahmer. 260 $aWroclaw etc. :$bZaklad Narodowy Imienia Ossolinskich Wydawnictwo Polskiej Akademii Nauk,$c1973. 300 $a31 p., [1] c. di ritr. ;$c24 cm. 490 0 $aConferenze ;$v58 830 0$aConferenze ;$v58.$0(OLS)http://semarc/title/31893 850 $aSeMil 852 $aSeMil$W1$xVenegono$y1$m5B III 21/22$j154322$B154322$CSeMilBibl$Z2$F165212 $81 961 $aOmaggio: Altro 996 $6245$aStanislaw Wyspianski e il teatro polacco del Primo Novecento$9(OLS)http://semarc/title/295273 996 $6260$aWroclaw etc. :$bZaklad Narodowy Imienia Ossolinskich Wydawnictwo Polskiej Akademii Nauk$9(OLS)http://semarc/publisher/36182